[Event "Chessable Masters Losers"]
[Site "chess.com INT"]
[Date "2025.02.18"]
[Round "1.1"]
[White "Giri, Anish"]
[Black "Sevian, Samuel"]
[Result "1/2-1/2"]
[WhiteTitle "GM"]
[BlackTitle "GM"]
[WhiteElo "2728"]
[BlackElo "2692"]
[WhiteFideId "24116068"]
[BlackFideId "2040506"]
[EventDate "2025.02.18"]
[EventType "k.o."]

1. c4 e5 2. g3 c6 3. Nf3 e4 4. Nd4 d5 5. cxd5 Qxd5 6. Nc2 Nf6 7. Nc3 Qe5 8. Bg2
Na6 9. Rb1 h5 10. d4 exd3 11. Qxd3 Nc5 12. Qd4 Bd6 13. O-O Ne6 14. Qxe5 Bxe5 15.
Rd1 h4 16. Na3 hxg3 17. hxg3 O-O 18. Nc4 Bc7 19. b4 Rd8 20. Rxd8+ Nxd8 21. Bf4
Bxf4 22. gxf4 Be6 23. Ne5 a5 24. b5 cxb5 25. Rxb5 Rc8 26. Nd5 Nxd5 27. Bxd5 Bxd5
28. Rxd5 Ne6 29. Rxa5 Nxf4 30. e3 Ne6 31. Kg2 f6 32. Nf3 Rc2 33. Ra8+ Kf7 34. a4
Ra2 35. Rb8 Nc5 36. Nd4 Kg6 37. Kf3 Rxa4 38. Ne2 Kf7 39. Rc8 Ne6 40. Nc3 Ra6 41.
Rb8 Nc5 42. Ne4 b6 43. Nxc5 bxc5 44. Rb7+ Kg6 45. Rc7 Ra5 46. Ke4 Ra2 47. f4 Rc2
48. f5+ Kh6 49. Kf4 Rc1 50. Rc8 Kh7 51. Ke4 Rc3 52. Kf4 Rc4+ 53. e4 Rc3 54. Rc7
Kh6 55. Rc8 Kh7 56. Rc7 Rc1 57. Ke3 Kh6 58. Kd2 Rc4 59. Kd3 Ra4 60. Rxc5 Kg5 61.
Rc7 Kf4 62. Rxg7 Ra3+ 63. Ke2 Kxe4 64. Rg4+ Kxf5 65. Rc4 Ke5 66. Kf2 Ra2+ 67.
Kf3 Ra3+ 68. Kf2 f5 69. Rb4 Kf6 70. Rc4 Kg5 71. Rb4 Rh3 72. Rc4 Rh2+ 73. Kg3 Ra2
74. Kf3 Ra3+ 75. Kf2 Rb3 76. Kg2 Kf6 77. Kf2 Ke5 78. Ra4 Rh3 79. Ra5+ Kf4 80.
Ra4+ Kg5 81. Rb4 Rd3 82. Kg2 Kf6 83. Kf2 Ke5 84. Ra4 Rc3 85. Rb4 Rc5 86. Ra4 Rd5
87. Kf3 Rd3+ 88. Kf2 Rd4 89. Rxd4 Kxd4 90. Kf3 Ke5 91. Ke3 f4+ 92. Kf3 Kf5 93.
Kf2 Ke4 94. Ke2 f3+ 95. Kf2 Kf4 96. Kf1 Ke3 97. Ke1 f2+ 98. Kf1 Kf3 1/2-1/2

[Event "Chessable Masters Losers"]
[Site "chess.com INT"]
[Date "2025.02.18"]
[Round "1.1"]
[White "Praggnanandhaa, R"]
[Black "Artemiev, Vladislav"]
[Result "1/2-1/2"]
[WhiteTitle "GM"]
[BlackTitle "GM"]
[WhiteElo "2741"]
[BlackElo "2691"]
[WhiteFideId "25059530"]
[BlackFideId "24101605"]
[EventDate "2025.02.18"]
[EventType "k.o."]

1. d4 Nf6 2. Bf4 b6 3. e3 Bb7 4. c4 e6 5. Nc3 Bb4 6. Ne2 Nh5 7. Bg3 g6 8. a3 Be7
9. d5 Bf6 10. Qc2 d6 11. Nf4 Nxf4 12. Bxf4 Nd7 13. Be2 Qe7 14. e4 O-O 15. Be3
exd5 16. exd5 Nc5 17. O-O Bc8 18. g4 Be5 19. b4 Qh4 20. f4 Bxc3 21. Qxc3 Bxg4
22. bxc5 Bxe2 23. Rf2 Bg4 24. cxd6 cxd6 25. Bd4 f6 26. Re1 Bf5 27. Qg3 Qxg3+ 28.
hxg3 Kf7 29. Rfe2 Rfe8 30. Rxe8 Rxe8 31. Rxe8 Kxe8 32. Bxf6 Bd3 33. Kf2 Bxc4 34.
Ke3 Bxd5 35. Kd4 Bf3 36. Bg5 Kd7 37. Bf6 Ke6 38. Bd8 Kd7 39. Bf6 a5 40. Kd3 Bg4
41. Ke3 Kc6 42. Kd4 Kd7 43. Ke3 Be6 44. Kd3 Kc7 45. Ke3 h5 46. Kd3 Bf5+ 47. Ke3
Be6 48. Kd3 Bd5 49. Ke3 Bc4 50. Ke4 Bb3 51. Ke3 b5 52. Bc3 Kb6 53. Kd4 Be6 54.
Bd2 b4 55. axb4 a4 56. Bc1 Kb5 57. Ba3 Bc4 58. Kc3 d5 59. Kd4 Bb3 60. Kc3 Bc4
61. Kd4 Kc6 62. Ke5 Kd7 63. Bb2 Kc7 64. Bc1 Kc6 65. Ba3 Bd3 66. Kd4 Be4 67. Ke5
Kb5 68. Kd4 Kc6 69. Ke5 Kb5 70. Kd4 Kc6 1/2-1/2

[Event "Chessable Masters Losers"]
[Site "chess.com INT"]
[Date "2025.02.18"]
[Round "1.1"]
[White "So, Wesley"]
[Black "Esipenko, Andrey"]
[Result "1/2-1/2"]
[WhiteTitle "GM"]
[BlackTitle "GM"]
[WhiteElo "2747"]
[BlackElo "2695"]
[WhiteFideId "5202213"]
[BlackFideId "24175439"]
[EventDate "2025.02.18"]
[EventType "k.o."]

1. d4 Nf6 2. c4 e6 3. Nc3 Bb4 4. e3 O-O 5. Bd2 d5 6. Nf3 Re8 7. Qc2 c5 8. a3
Bxc3 9. Bxc3 cxd4 10. Bxd4 Nc6 11. Bc3 Ne4 12. Rd1 Nxc3 13. Qxc3 Qd6 14. Be2 Bd7
15. cxd5 exd5 16. O-O Rad8 17. Nd4 Ne5 18. Rd2 Qg6 19. Qc2 Qb6 20. Nf3 Bg4 21.
Nxe5 Bxe2 22. Rxe2 Rxe5 23. Rd2 h5 24. Rd4 Qc6 25. Rc1 Rc8 26. Qxc6 Rxc6 27.
Rxc6 bxc6 28. Kf1 Re7 29. Ra4 Kf8 30. b4 Ke8 31. Ra6 Rc7 32. Ke2 Kd7 33. Kd3 Kc8
34. Ra5 Kb7 35. Kd4 Re7 36. f3 Kb6 37. Rc5 Re6 38. a4 a6 39. Rc2 a5 40. Rb2 axb4
41. Rxb4+ Ka5 42. Rb7 Rg6 43. g3 Rf6 44. f4 Kxa4 45. Kc5 g6 46. Rb4+ Ka3 47. Rb7
Ka4 48. Rb6 Re6 49. Rxc6 Rxe3 50. Kxd5 Re2 51. h4 Re3 52. Rf6 Rxg3 53. Rxf7 Rg4
54. f5 gxf5 55. Rxf5 Rxh4 56. Ke5 Kb3 57. Kf6 Rh1 58. Kg5 h4 59. Kg4 h3 60. Rf3+
Kc4 61. Rxh3 Rxh3 62. Kxh3 1/2-1/2

[Event "Chessable Masters Losers"]
[Site "chess.com INT"]
[Date "2025.02.18"]
[Round "1.2"]
[White "Artemiev, Vladislav"]
[Black "Praggnanandhaa, R"]
[Result "1/2-1/2"]
[WhiteTitle "GM"]
[BlackTitle "GM"]
[WhiteElo "2691"]
[BlackElo "2741"]
[WhiteFideId "24101605"]
[BlackFideId "25059530"]
[EventDate "2025.02.18"]
[EventType "k.o."]

1. d4 Nf6 2. c4 e6 3. Nc3 Bb4 4. Qc2 O-O 5. a3 Bxc3+ 6. Qxc3 d6 7. Bg5 Re8 8. e3
h6 9. Bh4 e5 10. Bd3 exd4 11. Qxd4 Nc6 12. Bxf6 Qxf6 13. Qxf6 gxf6 14. Ne2 Ne5
15. Nf4 Be6 16. Rc1 f5 17. Be2 a5 18. O-O a4 19. Nd5 Bxd5 20. cxd5 c5 21. dxc6
bxc6 22. Rfd1 d5 23. Rd2 Rab8 24. f4 Ng4 25. Bxg4 fxg4 26. Rxc6 Rxe3 27. Rxh6
Re4 28. g3 Re1+ 29. Kf2 Rb1 30. Rh4 R8xb2 31. Rxg4+ Kf8 32. Rxb2 Rxb2+ 33. Ke3
Rb3+ 34. Kd4 Rxa3 35. Rg5 Ra2 36. Kxd5 Rxh2 37. Ke4 a3 38. Ra5 a2 39. Ra6 Rg2
40. Kf3 Rb2 41. g4 Kg7 42. g5 Rc2 43. Kg4 Rb2 44. Ra7 Rg2+ 45. Kf3 Rb2 46. f5
Kg8 47. Kg4 Rf2 48. f6 Rb2 49. Kf4 Rg2 50. Kf5 Rf2+ 51. Kg4 Rb2 52. Kf4 Rf2+ 53.
Kg3 Rc2 54. Kf4 Rb2 55. Kg4 Rf2 56. Kg3 Rb2 57. Kf4 1/2-1/2

[Event "Chessable Masters Losers"]
[Site "chess.com INT"]
[Date "2025.02.18"]
[Round "1.2"]
[White "Esipenko, Andrey"]
[Black "So, Wesley"]
[Result "1/2-1/2"]
[WhiteTitle "GM"]
[BlackTitle "GM"]
[WhiteElo "2695"]
[BlackElo "2747"]
[WhiteFideId "24175439"]
[BlackFideId "5202213"]
[EventDate "2025.02.18"]
[EventType "k.o."]

1. d4 Nf6 2. c4 e6 3. Nc3 Bb4 4. Nf3 c5 5. g3 Ne4 6. Qd3 Qa5 7. Qxe4 Bxc3+ 8.
Bd2 Bxd2+ 9. Nxd2 Qb6 10. dxc5 Qxb2 11. Rb1 Qa3 12. Qd4 O-O 13. Bg2 Na6 14. Ne4
Qa5+ 15. Qd2 Qc7 16. Rb5 Rb8 17. Qd4 b6 18. cxb6 Rxb6 19. O-O Rxb5 20. cxb5 d5
21. Nd2 Qc5 22. Nb3 Qxb5 23. Qxa7 Qxe2 24. Nd4 Qc4 25. Re1 Qc5 26. Qxc5 Nxc5 27.
Rc1 Na4 28. Rc7 Ba6 29. Ra7 Nc5 30. f4 Bb7 31. Nb3 Nxb3 32. Rxb7 Nc5 33. Rc7 Na6
34. Ra7 Nb4 35. f5 Rc8 36. fxe6 fxe6 37. Bh3 Rc1+ 38. Kf2 Rc6 39. Re7 e5 40. a3
Kf8 41. Rd7 Nd3+ 1/2-1/2

[Event "Chessable Masters Losers"]
[Site "chess.com INT"]
[Date "2025.02.18"]
[Round "1.2"]
[White "Grischuk, Alexander"]
[Black "Duda, Jan-Krzysztof"]
[Result "1/2-1/2"]
[WhiteTitle "GM"]
[BlackTitle "GM"]
[WhiteElo "2687"]
[BlackElo "2739"]
[WhiteFideId "4126025"]
[BlackFideId "1170546"]
[EventDate "2025.02.18"]
[EventType "k.o."]

1. e4 c6 2. d4 d5 3. e5 Bf5 4. h4 h5 5. Bd3 Bxd3 6. Qxd3 Qa5+ 7. b4 Qxb4+ 8. Nd2
e6 9. Rb1 Qe7 10. c4 Nh6 11. Ne2 Nf5 12. Nf3 dxc4 13. Qxc4 Qc7 14. Qb3 b5 15.
Ng3 g6 16. Bg5 Nd7 17. Nxf5 gxf5 18. Qc2 Qa5+ 19. Bd2 Qa6 20. O-O Be7 21. Bg5
Rc8 22. Rfc1 Ba3 23. Rd1 Qb7 24. Rb3 Be7 25. Bxe7 Kxe7 26. Rc1 c5 27. Qd2 c4 28.
Qb4+ Ke8 29. Rxc4 Rxc4 30. Qxc4 bxc4 31. Rxb7 Ke7 32. Rc7 Rb8 33. Rxc4 Rb1+ 34.
Kh2 Rb2 35. Ra4 Rb7 36. Nd2 Nb6 37. Ra5 Rd7 38. Nb3 f4 39. g3 Nd5 40. Nc5 Rc7
41. Kg2 fxg3 42. Kxg3 Kf8 43. a3 Kg7 44. Kf3 Kg6 45. Rb5 Rc8 46. a4 Ne7 47. Rb7
Nf5 48. Ke4 Rd8 49. Nd7 a5 50. d5 exd5+ 51. Kxd5 Nxh4 52. Ke4 Nf5 53. Rb6+ Kg5
54. f4+ Kh4 55. Kxf5 Rxd7 56. Kf6 Kg4 57. f5 Rd4 58. Kxf7 Kxf5 59. e6 Rxa4 60.
Rb5+ Kg4 61. Re5 Rb4 62. e7 Rb8 63. e8=Q Rxe8 64. Kxe8 h4 65. Rxa5 h3 66. Ra1 h2
67. Rh1 Kg3 68. Rxh2 Kxh2 1/2-1/2

[Event "Chessable Masters Losers"]
[Site "chess.com INT"]
[Date "2025.02.18"]
[Round "1.2"]
[White "Sevian, Samuel"]
[Black "Giri, Anish"]
[Result "1/2-1/2"]
[WhiteTitle "GM"]
[BlackTitle "GM"]
[WhiteElo "2692"]
[BlackElo "2728"]
[WhiteFideId "2040506"]
[BlackFideId "24116068"]
[EventDate "2025.02.18"]
[EventType "k.o."]

1. e4 e5 2. Nf3 Nc6 3. Bc4 Nf6 4. d3 Be7 5. O-O O-O 6. Nc3 d6 7. a4 Bg4 8. h3
Bh5 9. Nd5 Nxd5 10. Bxd5 Nb4 11. Bb3 Na6 12. Be3 Nc5 13. Bxc5 Bxf3 14. Qxf3 dxc5
15. g3 g6 16. Kg2 Kg7 17. Qe2 Qd6 18. Bc4 Rae8 19. a5 c6 20. Ra4 Bd8 21. Qe3 Bc7
22. Rb1 Ra8 23. Rba1 h5 24. h4 Qe7 25. c3 Bd6 26. Bb3 Rad8 27. Qe2 Rd7 28. Bc4
Rdd8 29. Bb3 Rd7 30. Bc4 Rdd8 31. Bb3 1/2-1/2

[Event "Chessable Masters Losers"]
[Site "chess.com INT"]
[Date "2025.02.18"]
[Round "1.3"]
[White "Duda, Jan-Krzysztof"]
[Black "Grischuk, Alexander"]
[Result "1-0"]
[WhiteTitle "GM"]
[BlackTitle "GM"]
[WhiteElo "2739"]
[BlackElo "2687"]
[WhiteFideId "1170546"]
[BlackFideId "4126025"]
[EventDate "2025.02.18"]
[EventType "k.o."]

1. e4 c5 2. Nf3 e6 3. g3 Nc6 4. Bg2 Nf6 5. Qe2 d6 6. O-O Be7 7. c3 e5 8. Rd1 O-O
9. d4 cxd4 10. cxd4 Bg4 11. dxe5 Nxe5 12. Nc3 Qc8 13. Bf4 Qe6 14. Rd2 Rac8 15.
Nd4 Bxe2 16. Nxe6 fxe6 17. Nxe2 Nfg4 18. Nd4 Nc4 19. Rc2 e5 20. Nf5 Bf6 21. Bc1
g6 22. h3 gxf5 23. exf5 Nxf2 24. Rxf2 e4 25. Bxe4 Bd4 26. Bh6 Rf6 27. Bg5 Kg7
28. Rd1 Bxf2+ 29. Kxf2 Re8 30. Bxf6+ Kxf6 31. Bd5 Nxb2 32. Rd2 Na4 33. Bxb7 Kxf5
34. Bc6 1-0

[Event "Chessable Masters Losers"]
[Site "chess.com INT"]
[Date "2025.02.18"]
[Round "1.3"]
[White "Giri, Anish"]
[Black "Sevian, Samuel"]
[Result "1-0"]
[WhiteTitle "GM"]
[BlackTitle "GM"]
[WhiteElo "2728"]
[BlackElo "2692"]
[WhiteFideId "24116068"]
[BlackFideId "2040506"]
[EventDate "2025.02.18"]
[EventType "k.o."]

1. c4 Nf6 2. Nf3 e6 3. g3 d5 4. Bg2 d4 5. d3 c5 6. e4 Nc6 7. e5 Nd7 8. Qe2 Be7
9. h4 h6 10. Bf4 Nf8 11. h5 Nh7 12. Nbd2 Ng5 13. Nh2 Bd7 14. a3 Qc7 15. Rb1 a5
16. O-O a4 17. Rfe1 Na5 18. g4 Bc6 19. Bg3 Bxg2 20. Kxg2 Qc6+ 21. f3 Rg8 22. Rh1
Ra6 23. b4 axb3 24. Nxb3 Nxb3 25. Rxb3 b6 26. Nf1 Kd7 27. Nd2 Rga8 28. Ra1 Bd8
29. Kh2 Bc7 30. f4 Nh7 31. Ne4 Rf8 32. g5 Rh8 33. Qg4 Kc8 34. gxh6 gxh6 35. Rab1
Ra8 36. Qg7 Kb7 37. a4 Rag8 38. Qxf7 Rf8 39. Rxb6+ Qxb6 40. Rxb6+ Kxb6 41. Qxe6+
Ka5 42. Qc6 1-0

[Event "Chessable Masters Losers"]
[Site "chess.com INT"]
[Date "2025.02.18"]
[Round "1.3"]
[White "Praggnanandhaa, R"]
[Black "Artemiev, Vladislav"]
[Result "0-1"]
[WhiteTitle "GM"]
[BlackTitle "GM"]
[WhiteElo "2741"]
[BlackElo "2691"]
[WhiteFideId "25059530"]
[BlackFideId "24101605"]
[EventDate "2025.02.18"]
[EventType "k.o."]

1. e4 c6 2. d4 d5 3. e5 Bf5 4. h4 h5 5. Bd3 Bxd3 6. Qxd3 e6 7. Nf3 c5 8. Bg5 Be7
9. dxc5 Na6 10. b4 Nxb4 11. Qb5+ Nc6 12. Qxb7 Qc8 13. Qb3 Bxc5 14. O-O Nge7 15.
Nbd2 O-O 16. Qa4 Ng6 17. Rfe1 Qd7 18. Nb3 Bb6 19. Qa3 Qc7 20. Qd6 Ncxe5 21. Qxc7
Nxf3+ 22. gxf3 Bxc7 23. Rac1 Rac8 24. c4 dxc4 25. Nd2 Ba5 26. Re2 Bxd2 27. Rxd2
f6 28. Be3 Nxh4 29. Rd7 Rf7 30. Rxa7 Rxa7 31. Bxa7 Ra8 0-1

[Event "Chessable Masters Losers"]
[Site "chess.com INT"]
[Date "2025.02.19"]
[Round "2.1"]
[White "Caruana, Fabiano"]
[Black "Esipenko, Andrey"]
[Result "0-1"]
[WhiteTitle "GM"]
[BlackTitle "GM"]
[WhiteElo "2803"]
[BlackElo "2695"]
[WhiteFideId "2020009"]
[BlackFideId "24175439"]
[EventDate "2025.02.18"]
[EventType "k.o."]

1. e4 e5 2. Nf3 Nf6 3. d4 Nxe4 4. Bd3 d5 5. dxe5 Nd7 6. O-O Be7 7. c4 Nb6 8.
cxd5 Qxd5 9. Qc2 Nc5 10. Bb5+ c6 11. Nc3 Qe6 12. Be2 Qg6 13. Qxg6 hxg6 14. Be3
Bg4 15. b4 Ncd7 16. b5 Bxf3 17. gxf3 Nxe5 18. bxc6 bxc6 19. Rac1 g5 20. f4 Nec4
21. Bxb6 Nxb6 22. Bf3 Rc8 23. fxg5 Bxg5 24. Rfe1+ Kf8 25. Rcd1 Bf4 26. h3 g6 27.
Kg2 Rc7 28. a4 Bg5 29. a5 Nd7 30. Ne4 Be7 31. Nd6 Rh4 32. Re4 Rxe4 33. Nxe4 Bb4
34. a6 c5 35. Nd6 Ne5 36. Nb5 Re7 37. Bb7 c4 38. Nxa7 Bc5 39. Rd8+ Kg7 40. Nb5
Nd3 41. Rc8 Bb6 42. Rc6 Bxf2 43. Rxc4 Re2 44. Re4 Rb2 45. Nc3 Ba7+ 46. Ne2 f5
47. Re8 Kf7 48. Bc6 Nb4 49. Bb5 Nd5 50. Bc6 Ne7 51. Kf1 Nxc6 52. Rc8 Rb6 53.
Rc7+ Kf6 54. Nc3 Rxa6 55. Nd5+ Ke5 56. Ne7 Ra1+ 57. Ke2 Nxe7 58. Rxe7+ Kf4 59.
Rb7 g5 60. Kd3 Kg3 61. Rb4 f4 62. Rb3 f3 63. Ke4 Re1+ 64. Kf5 Kg2 65. Kg4 f2 66.
Rg3+ Kh2 67. Rf3 f1=Q 68. Rxf1 Rxf1 0-1

[Event "Chessable Masters Losers"]
[Site "chess.com INT"]
[Date "2025.02.19"]
[Round "2.1"]
[White "Nepomniachtchi, Ian"]
[Black "Artemiev, Vladislav"]
[Result "1-0"]
[WhiteTitle "GM"]
[BlackTitle "GM"]
[WhiteElo "2754"]
[BlackElo "2691"]
[WhiteFideId "4168119"]
[BlackFideId "24101605"]
[EventDate "2025.02.18"]
[EventType "k.o."]

1. e4 e5 2. Nf3 Nc6 3. Bc4 Bc5 4. c3 Nf6 5. d3 O-O 6. O-O d5 7. exd5 Nxd5 8. Re1
Bg4 9. h3 Bh5 10. Nbd2 Nb6 11. b4 Bd6 12. Bb3 Kh8 13. a4 f5 14. a5 Nd7 15. a6
Rb8 16. axb7 e4 17. dxe4 fxe4 18. Nxe4 Nce5 19. Bg5 Bxf3 20. gxf3 Nf6 21. f4 Ng6
22. f5 Ne5 23. f4 Ned7 24. Nxd6 cxd6 25. Qxd6 Rxb7 26. Rad1 Qc8 27. Qd4 h6 28.
Bh4 Qc6 29. Re7 Rc7 30. Rd3 Re8 31. Re6 Qb5 32. Rde3 Rf8 33. Qd3 Qxd3 34. Rxd3
Rfc8 35. Ree3 Nb6 36. Be6 Rf8 37. Bf2 Nc4 38. Rf3 Ne4 39. Bd4 a5 40. bxa5 Nb2
41. Rde3 Nd2 42. Rg3 Ndc4 43. Rxg7 Rxg7+ 44. Rg3 1-0

[Event "Chessable Masters Losers"]
[Site "chess.com INT"]
[Date "2025.02.19"]
[Round "2.1"]
[White "Yu, Yangyi"]
[Black "Giri, Anish"]
[Result "1-0"]
[WhiteTitle "GM"]
[BlackTitle "GM"]
[WhiteElo "2715"]
[BlackElo "2728"]
[WhiteFideId "8603820"]
[BlackFideId "24116068"]
[EventDate "2025.02.18"]
[EventType "k.o."]

1. d4 d5 2. c4 c6 3. cxd5 cxd5 4. Nc3 Nf6 5. Bf4 Nc6 6. Nf3 e6 7. e3 Bd6 8. Bg3
O-O 9. Bd3 h6 10. O-O Bxg3 11. hxg3 Qd6 12. Rc1 Bd7 13. Qb3 Na5 14. Qc2 Nc6 15.
Nb5 Qb8 16. Qc5 a6 17. Nd6 Ne8 18. Nxe8 Rxe8 19. Qb6 Qd8 20. Qb3 Na5 21. Qb4 Nc6
22. Qb3 Na5 23. Qb4 Nc6 24. Qd6 Qe7 25. Qc7 Qd8 26. Qf4 Qf6 27. Rc3 Qxf4 28.
gxf4 Rec8 29. Rfc1 Kf8 30. g4 Ke7 31. Kg2 Nb4 32. Bb1 Rxc3 33. Rxc3 Nc6 34. Kg3
Rc8 35. Ne5 Nxe5 36. Rxc8 Bxc8 37. fxe5 g5 38. f4 a5 39. Bd3 Bd7 40. a3 Kd8 41.
Bh7 Bb5 42. Bc2 b6 43. f5 Bc6 44. f6 Kd7 45. Bd3 Kc7 46. Kf2 Kd8 47. Ke2 Ba4 48.
Kd2 Kd7 49. Be2 Kd8 50. Kc3 Bd7 51. Bd3 Kc7 52. Be2 Bc6 53. Bd3 Bd7 54. e4 dxe4
55. Bxe4 Kd8 56. b4 axb4+ 57. Kxb4 Ke8 58. Bd3 Kd8 59. Bb5 Bc8 60. Bc6 Ba6 61.
d5 exd5 62. Bxd5 Ke8 63. Bc4 Bc8 64. Be2 Bd7 65. Bb5 Kd8 66. Bxd7 Kxd7 67. Kc4
Ke6 68. Kd4 h5 69. gxh5 Kf5 70. h6 Kg6 71. e6 fxe6 72. Ke5 g4 73. Kxe6 g3 74. f7
g2 75. f8=Q g1=Q 76. Qg7+ 1-0

[Event "Chessable Masters Losers"]
[Site "chess.com INT"]
[Date "2025.02.19"]
[Round "2.2"]
[White "Artemiev, Vladislav"]
[Black "Nepomniachtchi, Ian"]
[Result "1-0"]
[WhiteTitle "GM"]
[BlackTitle "GM"]
[WhiteElo "2691"]
[BlackElo "2754"]
[WhiteFideId "24101605"]
[BlackFideId "4168119"]
[EventDate "2025.02.18"]
[EventType "k.o."]

1. c4 Nf6 2. Nc3 e5 3. Nf3 Nc6 4. a3 g6 5. g3 Bg7 6. Bg2 O-O 7. O-O a5 8. d3 d6
9. b3 Re8 10. Bb2 h6 11. Nd2 Be6 12. Rc1 Qd7 13. Re1 Kh7 14. Nd5 Rab8 15. e3 Ne7
16. Nxf6+ Bxf6 17. d4 Bg7 18. dxe5 dxe5 19. Ne4 Qxd1 20. Rexd1 b6 21. Nc3 Red8
22. a4 f5 23. Nb5 c5 24. Nc7 Bf7 25. Na6 Rxd1+ 26. Rxd1 Re8 27. Nc7 Rf8 28. Rd7
Nc8 29. Bd5 Kg8 30. f4 Bxd5 31. cxd5 Rf7 32. Rd8+ Rf8 33. Rxf8+ Kxf8 34. Ne6+
Kf7 35. Nxg7 Kxg7 36. fxe5 Kf7 37. Kf2 b5 38. axb5 Nb6 39. Ba3 Nxd5 40. e4 fxe4
41. Bxc5 Ke6 42. b6 Kd7 43. e6+ Kc6 44. e7 Nf6 45. Bd4 Ne8 46. Ke3 Nd6 47. Bc5
Ne8 48. Kxe4 Kd7 49. Ke5 Kc6 50. Bd4 Kd7 51. Kd5 Nd6 52. e8=Q+ Nxe8 53. Be5 a4
54. bxa4 g5 55. b7 Nf6+ 56. Bxf6 Kc7 57. Bg7 Kxb7 58. Bxh6 g4 59. Bf4 Ka6 60.
Ke4 Ka5 61. Kf5 Kxa4 62. Kxg4 Kb5 63. h4 Kc6 64. h5 Kd7 65. h6 Ke8 66. h7 Kf7
67. h8=Q Kg6 68. Qe5 Kf7 69. Kf5 1-0

[Event "Chessable Masters Losers"]
[Site "chess.com INT"]
[Date "2025.02.19"]
[Round "2.2"]
[White "Esipenko, Andrey"]
[Black "Caruana, Fabiano"]
[Result "1-0"]
[WhiteTitle "GM"]
[BlackTitle "GM"]
[WhiteElo "2695"]
[BlackElo "2803"]
[WhiteFideId "24175439"]
[BlackFideId "2020009"]
[EventDate "2025.02.18"]
[EventType "k.o."]

1. d4 Nf6 2. c4 g6 3. Nc3 Bg7 4. e4 d6 5. h3 O-O 6. Be3 Nc6 7. Qd2 e5 8. d5 Nd4
9. Nge2 c5 10. dxc6 bxc6 11. Nxd4 exd4 12. Bxd4 Re8 13. Bd3 c5 14. Be3 Bb7 15.
O-O Nxe4 16. Bxe4 Bxe4 17. Nxe4 Rxe4 18. Rad1 Qb6 19. Qxd6 Qxb2 20. Qc6 Ree8 21.
Rd7 a5 22. Bxc5 Rac8 23. Qd5 Qf6 24. Be3 a4 25. c5 Bf8 26. Ra7 Re5 27. Qd7 Ree8
28. Qxa4 Red8 29. Qc4 Qf5 30. Rc1 Rc6 31. a4 Rdc8 32. Ra5 Bd6 33. Ra6 Rxa6 34.
Qxa6 Bc7 35. Rd1 Rb8 36. Qc6 Rb1 37. Qe8+ Kg7 38. Bd4+ f6 39. Qe7+ Kh6 40. Be3+ 1-0

[Event "Chessable Masters Losers"]
[Site "chess.com INT"]
[Date "2025.02.19"]
[Round "2.2"]
[White "Giri, Anish"]
[Black "Yu, Yangyi"]
[Result "1/2-1/2"]
[WhiteTitle "GM"]
[BlackTitle "GM"]
[WhiteElo "2728"]
[BlackElo "2715"]
[WhiteFideId "24116068"]
[BlackFideId "8603820"]
[EventDate "2025.02.18"]
[EventType "k.o."]

1. c4 e6 2. g3 d5 3. Bg2 Nf6 4. Nf3 Be7 5. O-O O-O 6. b3 c5 7. d3 Nc6 8. e3 b6
9. Bb2 Bb7 10. Nc3 Qd7 11. cxd5 Nxd5 12. Nxd5 Qxd5 13. Ne5 Qd6 14. Nc4 Qd8 15.
Qe2 Rb8 16. Rfd1 Bf6 17. Rac1 Bxb2 18. Qxb2 Qe7 19. Qa3 e5 20. Qb2 Rfe8 21. a3
h6 22. h4 Nd8 23. b4 Bxg2 24. Kxg2 Nb7 25. Nd2 Rbc8 26. Qb3 Red8 27. Nf3 e4 28.
dxe4 Qxe4 29. Rc4 Qe6 30. Rxd8+ Rxd8 31. Qc2 Nd6 32. Rf4 c4 33. a4 Rc8 34. e4
Nb7 35. Nd4 Qe5 36. Nf3 Qe6 37. Qc3 a5 38. bxa5 Nxa5 39. Nh2 Rd8 40. Rg4 f6 41.
Rf4 Rd3 42. Qc2 Nc6 43. Ng4 Nd4 44. Qb1 Ne2 1/2-1/2

[Event "Chessable Masters Losers"]
[Site "chess.com INT"]
[Date "2025.02.19"]
[Round "2.3"]
[White "Nepomniachtchi, Ian"]
[Black "Artemiev, Vladislav"]
[Result "1-0"]
[WhiteTitle "GM"]
[BlackTitle "GM"]
[WhiteElo "2754"]
[BlackElo "2691"]
[WhiteFideId "4168119"]
[BlackFideId "24101605"]
[EventDate "2025.02.18"]
[EventType "k.o."]

1. e4 e5 2. Nf3 Nc6 3. Bc4 Nf6 4. d3 Be7 5. O-O O-O 6. Nbd2 d6 7. a4 a5 8. Re1
h6 9. Nf1 Nh7 10. Ne3 Ng5 11. c3 Nxf3+ 12. Qxf3 Bg5 13. g3 Kh8 14. Qh5 Ne7 15.
Bxf7 Ng8 16. Bc4 Nf6 17. Qe2 Bh3 18. f3 c6 19. Ng2 Nh7 20. Rf1 d5 21. exd5 cxd5
22. Bb5 Qb6+ 23. Rf2 Bxc1 24. Rxc1 Ng5 25. Nh4 e4 26. d4 Bg4 27. Rff1 Bxf3 28.
Nxf3 Nxf3+ 29. Kg2 Qg6 30. Qe3 Qh5 31. h3 Qg6 32. Be2 Rae8 33. Rf2 Nh4+ 34. Kh2
Nf3+ 35. Bxf3 exf3 36. Qd2 Re4 37. Qd3 Qe8 38. Rcf1 Re3 39. Qb5 Qe4 40. Qxb7 Re2
41. Qb5 Kh7 42. b4 Qe3 43. Kg1 Rb8 44. Qxb8 Rxf2 45. Rxf2 Qe1+ 46. Rf1 Qe3+ 47.
Kh1 Qe2 48. Rg1 f2 49. Qf4 fxg1=Q+ 50. Kxg1 Qe1+ 51. Kg2 axb4 52. cxb4 Qxb4 53.
Qf5+ Kh8 54. Qc8+ Kh7 55. Qf5+ Kh8 56. Qxd5 Qxa4 57. h4 Qc2+ 58. Kh3 Qd1 59.
Qa8+ Kh7 60. Qe4+ Kh8 61. Qe8+ Kh7 62. Qe4+ Kh8 63. Kg2 h5 64. Qe8+ Kh7 65. Qe4+
g6 66. d5 Kg7 67. Kf2 Kf6 68. Qe6+ Kg7 69. Qe7+ Kh6 70. Qe4 Qd2+ 71. Kf3 Kg7 72.
Qe5+ Kh7 73. Qc7+ Kg8 74. Qd8+ Kg7 75. Qe7+ Kg8 76. Qe6+ Kg7 77. Qe4 Qd1+ 78.
Kf4 Qd2+ 79. Ke5 Qc3+ 80. Kd6 Qa3+ 81. Ke6 Qa6+ 82. d6 Qc8+ 83. d7 Qa6+ 84. Ke7
Qa3+ 85. Ke6 Qa6+ 86. Ke5 Qa5+ 87. Qd5 Qc7+ 88. Qd6 Qc3+ 89. Qd4 Qc7+ 90. Ke4+
Kh7 91. d8=Q 1-0

[Event "Chessable Masters Losers"]
[Site "chess.com INT"]
[Date "2025.02.19"]
[Round "3.1"]
[White "Nepomniachtchi, Ian"]
[Black "Esipenko, Andrey"]
[Result "1/2-1/2"]
[WhiteTitle "GM"]
[BlackTitle "GM"]
[WhiteElo "2754"]
[BlackElo "2695"]
[WhiteFideId "4168119"]
[BlackFideId "24175439"]
[EventDate "2025.02.18"]
[EventType "k.o."]

1. e4 e5 2. Nf3 Nf6 3. Nxe5 d6 4. Nf3 Nxe4 5. Nc3 Nxc3 6. dxc3 Be7 7. Be3 O-O 8.
Qd2 Nd7 9. O-O-O Nf6 10. Bd3 c5 11. Rhe1 Be6 12. Kb1 Qa5 13. c4 Qxd2 14. Bxd2 h6
15. Nh4 Rfe8 16. Nf5 Bf8 17. f3 b5 18. Ne3 bxc4 19. Nxc4 d5 20. Ne5 Rab8 21. c4
Bd6 22. cxd5 Nxd5 23. a3 Bf5 24. Bxf5 Bxe5 25. f4 Bd4 26. Rxe8+ Rxe8 27. Kc2
Ne3+ 28. Bxe3 Rxe3 29. Bd3 g6 30. Rd2 Kf8 31. Kb3 Re7 32. f5 Rb7+ 33. Ka2 g5 34.
Bc4 Kg7 35. g4 a5 36. Re2 Kf6 37. Bd5 Re7 38. Rxe7 Kxe7 39. Kb3 f6 40. h3 Kd6 1/2-1/2